The Dilemma of Lawlessness (Record no. 12206)
[ view plain ]
| 000 -LEADER | |
|---|---|
| fixed length control field | 00615nam a2200133Ia 4500 |
| 008 - FIXED-LENGTH DATA ELEMENTS--GENERAL INFORMATION | |
| fixed length control field | 220615s9999||||xx |||||||||||||| ||und|| |
| 020 ## - INTERNATIONAL STANDARD BOOK NUMBER | |
| International Standard Book Number | 9781000000000 |
| 100 ## - MAIN ENTRY--PERSONAL NAME | |
| Personal name | Espach, Ralph||Haering, Daniel||Melendez Quinonez, Javier||Castillo Giron, Miguel |
| 245 #4 - TITLE STATEMENT | |
| Title | The Dilemma of Lawlessness |
| Remainder of title | Organized Crime, Violence, Prosperity, and Security along Guatemala's Borders |
| 546 ## - LANGUAGE NOTE | |
| Language note | English[eng] |
| 650 ## - SUBJECT ADDED ENTRY--TOPICAL TERM | |
| Topical term or geographic name entry element | organized crime||violence||security||Guatemala||trafficking||drugs |
| 856 ## - ELECTRONIC LOCATION AND ACCESS | |
| Uniform Resource Identifier | <a href="https://www.usmcu.edu/Portals/218/HD%20MCUP/MCUP%20Pubs/TheDilemmaOfLawlessness.pdf?ver=2018-10-11-094159-607">https://www.usmcu.edu/Portals/218/HD%20MCUP/MCUP%20Pubs/TheDilemmaOfLawlessness.pdf?ver=2018-10-11-094159-607</a> |
| 942 ## - ADDED ENTRY ELEMENTS (KOHA) | |
| Koha item type | E-Books |
| Withdrawn status | Lost status | Damaged status | Not for loan | Home library | Current library | Date acquired | Total Checkouts | Date last seen | Price effective from | Koha item type |
|---|---|---|---|---|---|---|---|---|---|---|
| Kerala University of Digital Sciences, Innovation and Technology Knowledge Centre | Kerala University of Digital Sciences, Innovation and Technology Knowledge Centre | 15/06/2022 | 15/06/2022 | 15/06/2022 | E-Books |